000 00847 a2200253 4500
003 OSt
005 20180116192337.0
008 120524t xxu||||| |||| 00| 0 eng d
010 _a 99087164
020 _a0806919094
040 _c0
082 0 0 _a746
100 1 _aHiney, Mary Jo.
_91821
245 1 0 _aFabulous fabrics :
_belegant & innovative techniques to embellish textiles /
_cMary Jo Hiney.
260 _aNew York :
_bSterling Pub. Co.,
_c2000.
300 _a128 p. :
_bcol. ill. ;
_c27 cm.
500 _a"A Sterling/Chapelle book."
650 0 _aFancy work.
_91822
650 0 _aBeadwork.
_91823
650 0 _aEmbroidery.
_91824
856 4 2 _3Publisher description
_uhttp://www.loc.gov/catdir/description/ste021/99087164.html
942 _aSADA
_cBK
_k746 HIN 2000
_2ddc
999 _c352499
_d352499